Theory of K-loops

Αποθηκεύτηκε σε:
Λεπτομέρειες βιβλιογραφικής εγγραφής
Κύριος συγγραφέας: Kiechle, Hubert 1960-
Μορφή: Βιβλίο
Γλώσσα:English
Δημοσίευση: Berlin ; New York : Springer, c2002
Σειρά:Lecture notes in mathematics (Springer-Verlag) ; 1778
Θέματα:
Ετικέτες: Προσθήκη ετικέτας
Δεν υπάρχουν, Καταχωρήστε ετικέτα πρώτοι!

MARC

LEADER 00000nam a2200000 i 4500
001 1/67329
008 041130s2002 eng d
020 |a 3-540-43262-0 
035 |l 10075564 
040 |a GR-MY-UA  |b gre  |e aacr 
041 0 |a eng 
082 0 |a 512.2  |2 (21) 
100 1 |a Kiechle, Hubert  |d 1960- 
245 1 0 |a Theory of K-loops /  |c Hubert Kiechle 
260 |a Berlin ; New York :   |b Springer,   |c c2002 
300 |a x, 186 σ.;  |c 24 εκ. 
490 1 |a Lecture notes in mathematics  |v ; 1778 
504 |a Περιέχει βιβλιογραφικές αναφορές και ευρετήριο 
650 0 0 |a Loops (Group theory) 
830 0 |a Lecture notes in mathematics (Springer-Verlag)  |v ; 1778 
852 |a INST  |b SAMOS  |e 20041130  |h 512.2 KIE  |p 005300022628  |q 005300022628  |t BK  |y 0 
901 |a BIBL3-2004-3 
909 |a Σ  |b 116550 
922 |a 3ΕΛΗ  |b 200410  |c ΕΠΕΑΕΚ2/ΤΜΗΜΑ ΜΑΘΗΜΑΤΙΚΩΝ  |d ΜΙΧΑΛΟΠΟΥΛΟΣ 
950 |a 116-2004-10-10 
970 |a ΚΟΣΙΕΡΗΣ  |b ΧΡΗΣΤΟΣ  |z 2004/12/08